00328nam a22001217a 4500008004100000020001800041082001600059100001900075245002200094260006800116300000900184650001300193241001b |||||||| |||| 00| 0 eng d a9788197583667 a677.8 bBAM aBASU, Arindam  aMedical Textiles  aGhaziabad:bNorthern India Textile Research Association,c2024. a87p. aTextile